Football Stadiums - Statistics

General Stats
  • This quiz has been taken 89 times
  • The average score is 8 of 16
Answer Stats
Picture Answer % Correct
Anfield
86%
Camp Nou
86%
San siro
81%
Bernabeu
79%
Old trafford
77%
Wembley
74%
Allianz arena
61%
Signal Iduna Park
54%
Maracana
47%
Bombonera
40%
Velodrome
39%
Mestalla
33%
Parc des Princes
30%
Highburry
24%
Benito Villamarin
23%
Estadio Monumental
7%
No matching quizzes found
Score Distribution
Percent of People with Each Score
Percentile by Number Answered
Your Score History
You have not taken this quiz